000 00449nam a22001697a 4500
003 BD-ChCU
005 20260226130046.0
008 260226b bg ||||| |||| 00| 0 ben d
040 _cBD-ChCU
082 _a364 TAC
100 _aTappan , Paul W.
_920648
245 _aContemporary correction./
_cPaul W. Tappan .
260 _aNew York :
_bMcGraw -Hill ,
_cC 1951
300 _axvii , 434p
650 0 _aCriminology.
_920649
942 _2ddc
_cBK
_n0
999 _c111772
_d111772